Depressione (Record n. 211320)

Dettagli MARC
000 -LEADER
fixed length control field 01151nam a2200217Ia 4500
001 - CONTROL NUMBER
control field b5789-39069
003 - CONTROL NUMBER IDENTIFIER
control field IT-MiCISF
008 - FIXED-LENGTH DATA ELEMENTS--GENERAL INFORMATION
fixed length control field 161014s9999||||xx |||||||||||||| ||und||
040 ## - CATALOGING SOURCE
Original cataloging agency IT-MiCISF
Transcribing agency IT-MiCISF
041 ## - LANGUAGE CODE
Language code of text/sound track or separate title it
999 ## - SYSTEM CONTROL NUMBERS (KOHA)
Koha Dewey Subclass [OBSOLETE] si
100 ## - MAIN ENTRY--PERSONAL NAME
Personal name Blancato Elio
245 #0 - TITLE STATEMENT
Title Depressione
Remainder of title A ciascuno la sua cura
250 ## - EDITION STATEMENT
Edition statement 1a ed.
260 ## - PUBLICATION, DISTRIBUTION, ETC. (IMPRINT)
Place of publication, distribution, etc. San Pietro in Cariano (VR)
Name of publisher, distributor, etc. Il Segno dei Gabrielli
Date of publication, distribution, etc. 2004
300 ## - PHYSICAL DESCRIPTION
Extent pp. 240
500 ## - GENERAL NOTE
General note / salute-mentale, cura, indirizzi, terapia / Partendo dall'osservazione che la depressione è una malattia ciclica, che non guarisce ma che si esaurisce, il testo procede seguendo due direttrici: la preminenza dell'uomo sulla malattia e la molteplicità delle strade che conducono alla remissione dei sintomi. Mentre nella fase acuta gli psicofarmaci possono essere utili, la via verso la guarigione e il ricupero della gioia di vivere e dell'amore per sé e per gli altri, è secondo gli AA. la psicoterapia. In questa ottica, vengono presentati i diversi percorsi terapeutici.
650 ## - SUBJECT ADDED ENTRY--TOPICAL TERM
Topical term or geographic name as entry element Dinamiche familiari / salute-cura
Relator term 001
700 ## - ADDED ENTRY--PERSONAL NAME
Personal name Blancato Ivan
942 ## - ADDED ENTRY ELEMENTS (KOHA)
Koha item type LIBRO
957 ## -
-- 1
999 ## - SYSTEM CONTROL NUMBERS (KOHA)
-- 1
Dati di copia
Withdrawn status Lost status Damaged status Not for loan Home library Current library Date acquired Total Checkouts Full call number Date last seen Price effective from Koha item type Public note
    Buone Condizioni Not For Loan CISF - Milano CISF - Milano 14/10/2016   b5789-39069 14/10/2016 14/10/2016 LIBRO Data import 15.10.2016 / by Epidotti, Vaglietti
CREDITS: SOCIETA' SAN PAOLO Via A.Severo, 58 - ROMA (RM) & PERIODICI SAN PAOLO SRL Via Giotto, 36 MILANO & CISF Via Giotto, 36 MILANO & EDIZIONI SAN PAOLO SRL,  Piazza Soncino, 5 CINISELLO BALSAMO (MI) -- ITALY